000 00616nam a2200205Ii 4500
003 JO-AjNU
008 230605s9999||||xx |||||||||||||| ||und||
040 _aJO-AjNU
_bara
_erda
_cJO-AjNU
041 _aara
050 1 4 _aTX364.S2772 1992
100 3 _aالسارة، قاسم طه ,
_eauthor
_920877
245 0 0 _aعلم التغذية المبسط
250 _aط1
264 3 1 _aدمشق: دار المعرفة ، 1992
300 _a136ص
336 _atext
_btxt
_2rdacontent
337 _aunmediated
_bn
_2rdamedia
338 _avolume
_bnc
_2rdacarrier
650 4 _aامراض-علاج-تغذية
_920878
999 _aA7157
_c10725
_d10725